Faculty of Law Library — Cairo University

Official Online Catalog

الموظف العام فقها وقضاء : (Record no. 57712)

MARC details
000 -LEADER
fixed length control field 01250nam a2200325 i 4500
003 - CONTROL NUMBER IDENTIFIER
control field EG-GICUC
005 - DATE AND TIME OF LATEST TRANSACTION
control field 20260208002311.0
008 - FIXED-LENGTH DATA ELEMENTS--GENERAL INFORMATION
fixed length control field 260119s1958 ua ad||f |||| 00| 0 ara d
040 ## - CATALOGING SOURCE
Original cataloging agency EG-GICUC
Language of cataloging ara
Transcribing agency EG-GICUC
Modifying agency EG-GICUC
Description conventions rda
041 ## - LANGUAGE CODE
Language code of text/sound track or separate title ara
082 04 - DEWEY DECIMAL CLASSIFICATION NUMBER
Edition number 21
Classification number 345.41
Item number م ح . م
092 04 - LOCALLY ASSIGNED DEWEY CALL NUMBER (OCLC)
Edition number 21
099 ## - LOCAL FREE-TEXT CALL NUMBER (OCLC)
Classification number Law1 07 345.41 م ح . م 1 ed - 1958
100 0# - MAIN ENTRY--PERSONAL NAME
Personal name محمد حامد الجمل
Relator term مؤلف.
245 12 - TITLE STATEMENT
Title الموظف العام فقها وقضاء :
Number of part/section of a work الجزء الأول /
Statement of responsibility, etc. محمد حامد الجمل .
250 ## - EDITION STATEMENT
Edition statement الطبعة الأولى
264 #1 - PRODUCTION, PUBLICATION, DISTRIBUTION, MANUFACTURE, AND COPYRIGHT NOTICE
Place of production, publication, distribution, manufacture القاهرة :
Name of producer, publisher, distributor, manufacturer دار الفكر الحديث للطبع والنشر ،
Date of production, publication, distribution, manufacture, or copyright notice 1958 .
300 ## - PHYSICAL DESCRIPTION
Extent 848 ؛ صفحة
Other physical details إيضاحيات، جداول ؛
Dimensions 24 سم
336 ## - CONTENT TYPE
Source rda content
Content type term text
337 ## - MEDIA TYPE
Source rda media
Media type term Computer
338 ## - CARRIER TYPE
Source rda carrier
Carrier type term Online Resource
504 ## - BIBLIOGRAPHY, ETC. NOTE
Bibliography, etc. note . 848-847 ببليوجرافيا: صفحات.
504 ## - BIBLIOGRAPHY, ETC. NOTE
Bibliography, etc. note يشتمل على إرجاعات ببليوجرافية
650 14 - SUBJECT ADDED ENTRY--TOPICAL TERM
Topical term or geographic name entry element الموظفون -- القطاع العام
Source of heading or term qrmak
650 14 - SUBJECT ADDED ENTRY--TOPICAL TERM
Topical term or geographic name entry element القانون الإداري
651 1# - SUBJECT ADDED ENTRY--GEOGRAPHIC NAME
Source of heading or term qrmak
856 40 - ELECTRONIC LOCATION AND ACCESS
Uniform Resource Identifier <a href="https://fll.law.cu.edu.eg/fulltext/bks/B07-01488.pdf">https://fll.law.cu.edu.eg/fulltext/bks/B07-01488.pdf</a>
905 ## - Cataloger and Reviser Names
Cataloger Name: Yasmin Essam
Revisor Name: Yara
942 ## - ADDED ENTRY ELEMENTS (KOHA)
Source of classification or shelving scheme Dewey Decimal Classification
Koha item type Books
Edition 21
Suppress in OPAC No
Holdings
Withdrawn status Lost status Source of classification or shelving scheme Materials specified (bound volume or other part) Damaged status Not for loan Collection Home library Current library Date acquired Total checkouts Full call number Barcode Date last seen Copy number Price effective from Koha item type
    Dewey Decimal Classification V1 يحتاج إلى ترميم Not for loan القانون الإداري جــــامعة القــاهرة مكتبة كلية الحقوق - المبنى الرئيسي 19.01.2026   Law1 07 345.41 م ح . م 1 ed - 1958 0701488 V1, C1 B07-01488 19.01.2026 1 19.01.2026 Books
    Dewey Decimal Classification V1     القانون الإداري جــــامعة القــاهرة مكتبة كلية الحقوق - المبنى الرئيسي 29.01.2026   Law1 07 345.41 م ح . م 1 ed - 1958 0700893 V1, C2 B07-00893 29.01.2026 2 29.01.2026 Books
    Dewey Decimal Classification V1     القانون الإداري جــــامعة القــاهرة مكتبة كلية الحقوق - فـرع الشيخ زايد 06.04.2026   Law2 07 345.41 م ح . م 1 ed - 1958 0701486 C3 B07-01486 06.04.2026 3 06.04.2026 Books

© All rights reserved — Faculty of Law, Cairo University